MDQL
is popping MORE tags! Check the
thread
!
Quizzes
Events
Quiz Creation
Community
Videos
Private Events
Remove Ads
Sign In
Join for FREE
Feedback
Dark Mode
Quiz Categories
Sports
Geography
Music
Movies
Television
Just For Fun
Miscellaneous
History
Literature
Language
Science
Gaming
Entertainment
Religion
Holiday
For Kids
Quiz Lab
Recent
Popular Today
Quiz Kudos Today
Editor Picks
Curator Picks
Quizzes by...
Day
Popularity
Type
Ratings
Length
Year
Community
Subscriptions
Recent Discussions
Orange Saloon
Badges
Playlists
Quests
Create
Leaderboards
Showdown
Live 5
Trivia Bingo
Activity
Puzzle Library
Sporcle Events
Private Events
Virtual Trivia
Globe League
Become a Host
Pub Owners
SporcleCon
Opinionation
Our Games
Videos
Blog
Mobile Apps
Partnerships
Remove Ads and Go Orange
Feedback
Holiday
Halloween
Christmas
Holiday Songs
April Fools'
Thanksgiving
Valentine's Day
Easter
St Patrick's Day
National Holiday
Religious Holiday
Holiday
Halloween
Christmas
Holiday Songs
April Fools'
Thanksgiving
Valentine's Day
Easter
St Patrick's Day
National Holiday
Religious Holiday
Random Quiz
Search Sporcle
×
Quiz Lab
Quiz Lab
Holiday
US Holidays
Type in answers that appear in a list
Type in answers that appear in a list
Classic
Best Score? Go Orange.
Non-Federal US Holidays Stats
Can you name the Non-Federal, (non-religious), US Holidays Observed Nationwide ?
By
kgolisano
3m
18 Questions
803 Plays
803 Plays
803 Plays
Comments
Comments
Give Quiz Kudos
Give Quiz Kudos
-
- Ratings
hide this ad
Replay
Link that replays current quiz
Next Quiz
Link to next quiz in quiz playlist
You Got
0%
They Got
Avg Score
78%
Avg Friend Score
Upgrade to see
Score Distribution
Jump to the score distribution portion of the page
Score
0/18
Timer
03:00
0
Plays Today
Date
Holiday
% Correct
2nd Sunday in May
Mother's Day
92.1%
3rd Sunday in June
Father's Day
90.6%
Feb 14
Valentine's Day
90.5%
Oct 31
Halloween
89.7%
April 1
April Fool's Day
86.3%
March 17
St. Patrick's Day
85.7%
Feb 2
Groundhog Day
85.3%
First Sunday in February
Super Bowl Sunday
83.5%
Friday after Thanksgiving Day
Black Friday
82.7%
Date
Holiday
% Correct
April 22
Earth Day
79.8%
Feb/
Mar (date varies)
Mardi Gras
79.1%
May 5
Cinco de Mayo
77.4%
Dec 31
New Year's Eve
73.3%
Spring (date varies)
Arbor Day
69.7%
Dec 7
Pearl Harbor Remembrance Day
65.3%
June 14
Flag Day
64.7%
Dec 21 or 22
Winter Solstice
56%
First Tuesday after the first Monday in November
Election Day
55.4%
Quiz Playlist
Details
Report
Send in Message
Add To Playlist
Classic:
Type in answers that appear in a list
Quiz Source
Last Updated: Feb 16, 2017
Quiz Scoreboard
CHALLENGE
Sign Up to Join the Scoreboard
Show All
Scores
Hide
Comments
May contain spoilers
Recently Published
5x2 Blitz: Bands
by SL_Kpop136
Music
30s
Colored Red Africa Blitz
by spor1
Geography
30s
Find the 'City' Movie
by crazypaving
Movies
60s
More to Explore
Quiz From the Vault
Featured Blog Post
14 Easter Pick-up Lines to Find Eggs With
hide this ad
You Might Also Like...
Tags
date
Federal
Nationwide
nonreligion
Observed
US Holidays
Today's Top Quizzes in Holiday
Browse Holiday
hide this ad
Today's Top Quizzes in US Holidays
Browse US Holidays
Top Contributed Quizzes in Holiday
1
5-to-1: Holiday Songs
2
5-to-1: Thanksgiving
3
Countries of the World: 200 Million BC
4
Federal Holiday Minefield (US)
5
Easter - Did You Know?
6
Word Ladder: Four Leaf Clover
7
Show What You Know: US Federal Holidays
8
Click the Cartoon Easter Bunny
9
Slices of Holidays
10
3-per Word Ladder: Listen Up!
Explore More
Trending Topics
Disney
Marvel
Harry Potter
Crossword
Kpop
NBA
Anime
The Office
NFL
Song
Pokémon
Soccer
Puzzle
Country
WWE
hide this ad
More By:
kgolisano
Quiz
Plays
Rating
Category
Featured
Created
How I Met Your Mother Quotes
282,232
4.18
Television
Oct 4, 2009
Back to the Future Quotes
176,568
4.52
Movies
Jul 16, 2010
Famous Kevins
79,491
3.42
Entertainment
Oct 7, 2009
Back to the Future Part II Quotes
2,581
4.44
Movies
Jul 30, 2010
New Jersey Turnpike Exits
1,735
3.75
Geography
Sep 27, 2009
Go to Creator's Profile
Score Distribution
Quiz Creator Spotlight
kgolisano
Follow
Send a Message
Quizzes Created
-
Created Quiz Play Count
-
More By This Creator
Popular Quizzes Today
1
Find the 'City' Movie
2
5x2 Blitz: Bands
3
Find the US States - No Outlines Minefield
4
The Countries of the World
5
Find the US States
6
Colored Red Africa Blitz
7
9x9 Crossword: Cartoon Network
8
Risky Map Clicking: Biggest States A-Z
More Holiday Quizzes
3-per Word Ladder: Listen Up!
Editor's Pick
Trending Quizzes
Colored Red Africa Blitz II
Colored Red Europe Blitz I
Find the 'Dark' Movie
Find the 'Day' Movie
Find the 'Good' Movie
Recently Updated
Champions League XIs: Real Madrid
pecheneg
Largest US Cities 1790-2010
pecheneg
Rides in Walt Disney World
pecheneg
Most Oscar Losses (Acting)
pecheneg
Beyoncé Albums
pecheneg
Leaping Animals
pecheneg
Reality TV Shows (A-Z)
bhenderson79
Rickey Henderson's Hall of Fame Teammates
pecheneg
Champions League XIs: Arsenal
pecheneg
Quick Pick: Celebrities in WWE's Hall of Fame
aduchscher
Trending Topics
Disney
Anime
NBA
Marvel
Crossword
Harry Potter
Kpop
Soccer
Pokémon
NFL
Puzzle
The Office
WWE
Country
Song
Your Account Isn't Verified!
In order to create a playlist on Sporcle, you need to verify the email address you used during registration. Go to your
Sporcle Settings
to finish the process.
Report this User
Report this user for behavior that violates our
Community Guidelines
.
Details:
Send Report
Go to the Sporcle.com Mobile Site →
Comments